LAS TRES ESPAÑAS DE LA ESPAÑA CONTEMPORANEA (Registro nro. 42666)
[ vista simple ]
| 000 -LEADER | |
|---|---|
| fixed length control field | 00475nam a2200181 a 4500 |
| 001 - CONTROL NUMBER | |
| control field | 42666 |
| 005 - DATE AND TIME OF LATEST TRANSACTION | |
| control field | 20180714020942.0 |
| 008 - FIXED-LENGTH DATA ELEMENTS--GENERAL INFORMATION | |
| fixed length control field | 140415s1962 sp 000 0 spa d |
| 041 ## - LANGUAGE CODE | |
| Language code of text/sound track or separate title | spa |
| 082 ## - DEWEY DECIMAL CLASSIFICATION NUMBER | |
| Classification number | 946.07 |
| Item number | CAC |
| 100 1# - MAIN ENTRY--PERSONAL NAME | |
| Personal name | CACHO VIU, VICENTE |
| 245 14 - TITLE STATEMENT | |
| Title | LAS TRES ESPAÑAS DE LA ESPAÑA CONTEMPORANEA |
| 250 ## - EDITION STATEMENT | |
| Edition statement | 1a ed. |
| 260 ## - PUBLICATION, DISTRIBUTION, ETC. | |
| Place of publication, distribution, etc. | ESPAÑA : |
| Name of publisher, distributor, etc. | NACIONAL, |
| Date of publication, distribution, etc. | 1962 |
| 300 ## - PHYSICAL DESCRIPTION | |
| Extent | 39 |
| 490 ## - SERIES STATEMENT | |
| Series statement | O.CRECE O.MUERE |
| Volume/sequential designation | 170 |
| 650 14 - SUBJECT ADDED ENTRY--TOPICAL TERM | |
| Topical term or geographic name entry element | ESPAA |
| General subdivision | HISTORIA |
| Withdrawn status | Lost status | Source of classification or shelving scheme | Damaged status | Not for loan | Collection code | Home library | Current library | Shelving location | Date acquired | Source of acquisition | Total Checkouts | Full call number | Barcode | Price effective from | Koha item type |
|---|---|---|---|---|---|---|---|---|---|---|---|---|---|---|---|
| Dewey Decimal Classification | Consulta en sala | Referencia | Biblioteca Karol Wojtyla | Biblioteca Karol Wojtyla | Referencia | 03/12/2013 | Compra | 946.07 CAC | 6406 | 10/07/2018 | Folleto |